|
|
|
|
| LEADER |
00000naa a2200000uu 4500 |
| 001 |
vtls011081998 |
| 003 |
SK-MaSNL |
| 005 |
20260302112503.0 |
| 008 |
210910|1996 xo |||||||||||||||||slo| |
| 015 |
|
|
|a SNBRA
|
| 035 |
|
|
|a (urnnbn)urn:nbn:sk:snk:ar-a0cja7
|
| 035 |
|
|
|a (uuid)bd822e8b-7d7a-46db-8813-347529e536a3
|
| 035 |
|
|
|a urn:nbn:sk:snk-aavp99
|
| 040 |
|
|
|a SNKBUCL
|b slo
|c SNKBUCL
|e AACR2
|
| 041 |
0 |
|
|a slo
|
| 044 |
|
|
|a xo
|c SK
|
| 100 |
1 |
|
|a Winkler, Tomáš,
|d 1940-2021
|4 aut
|9 12277
|
| 245 |
1 |
0 |
|a Stanislav Mečiar v Slovenských pohľadoch
|c Tomáš Winkler
|
| 600 |
1 |
7 |
|a Mečiar, Stanislav,
|d 1910-1971
|2 SNKMA
|9 26226
|
| 630 |
0 |
7 |
|a Slovenské pohľady (časopis)
|2 SNKPH
|9 298255
|
| 655 |
|
7 |
|a štúdie
|2 SNKPH
|9 57033
|
| 773 |
0 |
|
|t Stanislav Mečiar
|d Martin : Matica slovenská, 1996
|g S. 21-24
|z 8070903651
|
| 958 |
|
|
|a OND
|
| 958 |
|
|
|a chapter
|
| 958 |
|
|
|a article12
|
| 999 |
|
|
|c 1252012
|d 1253942
|